| 000 | 00876cam a22002893a 4500 | ||
|---|---|---|---|
| 001 | 32596 | ||
| 003 | PGUSA | ||
| 005 | 20140828083715.0 | ||
| 008 | 100530s2010||||xxu|||||s|||||000 1 eng d | ||
| 040 |
_aPGUSA _beng |
||
| 042 | _adc | ||
| 050 | 4 | _aPQ | |
| 100 | 1 |
_aFrance, Anatole, _d1844-1924 |
|
| 245 | 1 | 4 |
_aThe Revolt of the Angels _h[electronic resource] / _cAnatole France |
| 260 |
_bProject Gutenberg, _c2010 |
||
| 506 | _aPublic domain in the USA. | ||
| 516 | _aElectronic text | ||
| 653 | _aFrench wit and humor -- Translations into English | ||
| 653 | _aFrench fiction -- Translations into English | ||
| 653 | _aAngels -- Fiction | ||
| 700 | 1 | _aJackson, Emilie | |
| 700 | 1 |
_aChapman, Frederic, _d-1918 |
|
| 740 | 0 | _aLa révolte des anges. English | |
| 830 | 0 |
_aProject Gutenberg _v32596 |
|
| 856 | 4 | 0 | _uhttp://www.gutenberg.org/ebooks/32596 |
| 942 | _cEB | ||
| 999 |
_c261851 _d261851 |
||